Africa and some world problems, (Record no. 126419)
[ view plain ]
| 000 -LEADER | |
|---|---|
| fixed length control field | 00753cam a2200253u 4500 |
| 001 - CONTROL NUMBER | |
| control field | 8746626 |
| 003 - CONTROL NUMBER IDENTIFIER | |
| control field | ARRUPE |
| 005 - DATE AND TIME OF LATEST TRANSACTION | |
| control field | 20170412100330.0 |
| 008 - FIXED-LENGTH DATA ELEMENTS--GENERAL INFORMATION | |
| fixed length control field | 810213s1930 enk 000 0 eng |
| 010 ## - LIBRARY OF CONGRESS CONTROL NUMBER | |
| LC control number | 30013996 |
| 040 ## - CATALOGING SOURCE | |
| Original cataloging agency | DLC |
| Transcribing agency | CarP |
| Modifying agency | DLC |
| 043 ## - GEOGRAPHIC AREA CODE | |
| Geographic area code | f------ |
| 050 00 - LIBRARY OF CONGRESS CALL NUMBER | |
| Classification number | DT15 |
| Item number | .S6 |
| 300 ## - PHYSICAL DESCRIPTION | |
| Dimensions | cm. |
| 100 1# - MAIN ENTRY--PERSONAL NAME | |
| Personal name | Smuts, Jan Christiaan, |
| Dates associated with a name | 1870-1950. |
| 9 (RLIN) | 22224 |
| 245 10 - TITLE STATEMENT | |
| Title | Africa and some world problems, |
| Statement of responsibility, etc | Jan Christian Smuts |
| 260 ## - PUBLICATION, DISTRIBUTION, ETC. (IMPRINT) | |
| Place of publication, distribution, etc | Oxford, |
| Name of publisher, distributor, etc | The Clarendon press, |
| Date of publication, distribution, etc | 1930. |
| 300 ## - PHYSICAL DESCRIPTION | |
| Extent | 184 p. |
| 600 10 - SUBJECT ADDED ENTRY--PERSONAL NAME | |
| Personal name | Livingstone, David |
| 9 (RLIN) | 9520 |
| 650 #0 - SUBJECT ADDED ENTRY--TOPICAL TERM | |
| Topical term or geographic name as entry element | Africa |
| General subdivision | Race questions |
| 9 (RLIN) | 29863 |
| 650 #0 - SUBJECT ADDED ENTRY--TOPICAL TERM | |
| Topical term or geographic name as entry element | Africa |
| General subdivision | Native Races |
| 9 (RLIN) | 23395 |
| 650 #0 - SUBJECT ADDED ENTRY--TOPICAL TERM | |
| Topical term or geographic name as entry element | League of Nations |
| 9 (RLIN) | 29864 |
| 650 #0 - SUBJECT ADDED ENTRY--TOPICAL TERM | |
| Topical term or geographic name as entry element | Democracy |
| 9 (RLIN) | 29865 |
| 906 ## - LOCAL DATA ELEMENT F, LDF (RLIN) | |
| a | 0 |
| b | cbc |
| c | premunv |
| d | u |
| e | ncip |
| f | 19 |
| g | y-gencatlg |
| 942 ## - ADDED ENTRY ELEMENTS (KOHA) | |
| Source of classification or shelving scheme | Library of Congress Classification |
| Koha item type | Monograph ( Printed materials) |
| Withdrawn status | Lost status | Source of classification or shelving scheme | Damaged status | Not for loan | Collection code | Home library | Current library | Shelving location | Date acquired | Total Checkouts | Full call number | Barcode | Date last seen | Date checked out | Price effective from | Koha item type |
|---|---|---|---|---|---|---|---|---|---|---|---|---|---|---|---|---|
| Library of Congress Classification | Main Collection | ARRUPE LIBRARY | ARRUPE LIBRARY | Main Collection | 12/04/2017 | 1 | DT15 .S6 | 46500024397 | 16/01/2024 | 15/01/2024 | 12/04/2017 | Monograph ( Printed materials) |